|
|
|
|
| LEADER |
00000nkm a2200000 a 4500 |
| 001 |
vtls012016747 |
| 003 |
SK-MaSNL |
| 005 |
20260302024511.0 |
| 007 |
kf bo |
| 008 |
230706q1906 xo g kuhun |
| 015 |
|
|
|a SNBG1906
|
| 035 |
|
|
|a urn:nbn:sk:snk-km00favg
|
| 035 |
|
|
|a urn:nbn:sk:snk-km45spx
|
| 035 |
|
|
|a 8585DCE7-178F-4E88-9DAE-A7C7E1D62AA1
|
| 040 |
|
|
|a SNK
|b slo
|c SNK
|e AACR2
|
| 041 |
0 |
|
|a hun
|
| 043 |
|
|
|a e-xo---
|
| 044 |
|
|
|a xo
|c SK
|
| 072 |
|
7 |
|a 913
|x Regionálna geografia
|2 konspekt
|
| 080 |
|
|
|a 913(437.6)
|2 2011
|
| 080 |
|
|
|a 94(084.121)
|2 2011
|
| 080 |
|
|
|a 721
|2 2011
|
| 080 |
|
|
|a 725.31
|2 2011
|
| 245 |
0 |
0 |
|a Üdvözlet Garam-Berzenczéről
|h grafika
|b Vasuti indóház
|
| 260 |
|
|
|a [Slovensko?]
|b [vydavateľ neznámy]
|c [1906?]
|
| 300 |
|
|
|a 1 pohľadnica
|b čiernobiela
|c 9 x 14 cm
|
| 500 |
|
|
|a Názvové údaje prevzaté z obrazovej časti dokumentu
|
| 520 |
8 |
|
|a Zobrazenie: V bielom orámovaní pohľad sprava, z koľajiska na železničnú stanicu. Pred stanicou stojí zopár ľudí. Vpravo a vľavo pri budove sú opadané stromy. Za budovou vpravo je ďalšia budova. V ľavom dolnom rohu je za opadanými stromami budova. V pozadí za stanicou je zalesnený kopec
|
| 650 |
0 |
7 |
|a železničné stanice
|2 SNKPH
|9 30261
|
| 650 |
0 |
7 |
|a budovy
|2 SNKPH
|9 1283
|
| 651 |
|
7 |
|a Hronská Breznica (Slovensko)
|2 SNKPHgeo
|9 159604
|
| 655 |
|
7 |
|a miestne pohľadnice
|2 SNKPH
|9 70510
|
| 655 |
|
7 |
|a historické pohľadnice
|2 SNKPH
|9 159703
|
| 852 |
|
|
|a Slovenská národná knižnica
|
| 958 |
|
|
|a GBN
|
| 958 |
|
|
|a GC
|
| 958 |
|
|
|a ONDV
|
| 999 |
|
|
|c 1040721
|d 1042651
|
| 952 |
|
|
|a SNK
|b SNK
|y PREZ
|7 0
|p 17A1409276
|o snkSP 118625
|z Pohľadnica prešla poštou.
|0 0
|1 0
|4 0
|d 2021-03-04
|f 1
|l 0
|r 2026-02-24 14:22:45
|w 2026-02-24
|